| 000 | 01098cad a22002055a 4500 | ||
|---|---|---|---|
| 001 | L156597 | ||
| 008 | 120611e2012 xxk 000 0 eng d | ||
| 035 | _a(Sirsi) u156597 | ||
| 041 | 0 | _aeng | |
| 110 | 2 |
_aCushman & Wakefield _95888 |
|
| 245 | 0 | 0 |
_aFinancial markets weekly snapshot _b6 June 2012 _h[electronic resource] |
| 260 |
_a[S.l.] _bCushman & Wakefield _c2012 |
||
| 490 | 0 |
_aCushman & Wakefield Financial Markets Weekly Snapshot _v6 June 2012 |
|
| 520 | _aReviews the past week's financial and real estate market data for the week commencing 6th June: interest rate swaps, bonds, equities, spot FX rates, UK annual RPI/CPI data, UK IPD real estate data, debt markets, and UK IPD property derivatives. | ||
| 590 | _aKA | ||
| 651 | 4 | _aInternational | |
| 690 |
_aCommercial property _96227 |
||
| 856 | 4 | 0 |
_uhttps://www.cushwake.com/cwglobal/jsp/kcGlobalReportArchive.jsp?Country=GLOBAL&Language=EN&catId=100001§or=ALL _zView the data sheet after free registration (click on Business Briefings link, then on see all Business Briefings link, then on item) at www.cushwake.com. |
| 942 | _n0 | ||
| 999 |
_c84092 _d84092 |
||